00954nam a2200265 a 450000100060000000300080000600500170001400800410003103500190007204000260009104100080011708200280012510000310015324501200018425000120030426000280031630000260034450000770037050000450044750000380049250000390053050500270056965000460059665100460064276823BD-RjUL20211209082907.0960418s1864 enk 001 0 eng d a(BD-RjUL)77047 aBD-RjULbengcBD-RjUL aeng 223a809bHAI V-1-4 18641 aHallam, Henry,d1777-1859.10aIntroduction to the literature of Europe, in the fifteenth, sixteenth, and seventeenth centuries /cby Henry Hallam a7th ed. aLondon :bMurray,c1864 a v. :bport. ;c18 cm a"Memoir of Mr. Hallam, by The Very Rev. Dean Milman", v. 1, p. [xv]-xxii aEach volumes has separate contents pages aIncludes index at the end of v. 4 a"in four volumes ; with portrait '0 aVoi. 1 -- v. 2 -- v. 4 0aLiterature, ModernxHistory and criticism 0aEuropexLiteraturexHistory and criticism